Loading...
| Fine Arts - Classical Music | 2 | 0.00 | 0% | 0% | 0% |
| Fine Arts - Other | 1 | 10.00 | 100% | 0% | 0% |
| Fine Arts - Painting and Sculpture | 2 | 5.00 | 50% | 0% | 0% |
| Geography | 2 | 15.00 | 100% | 50% | 0% |
| History - American | 3 | 13.33 | 100% | 33% | 0% |
| History - European | 3 | 13.33 | 100% | 33% | 0% |
| History - Other | 1 | 20.00 | 100% | 100% | 0% |
| History - World | 3 | 13.33 | 100% | 33% | 0% |
| Literature - American | 3 | 3.33 | 0% | 33% | 0% |
| Literature - British | 1 | 0.00 | 0% | 0% | 0% |
| Literature - European | 2 | 0.00 | 0% | 0% | 0% |
| Literature - World | 2 | 10.00 | 100% | 0% | 0% |
| Mythology | 1 | 10.00 | 100% | 0% | 0% |
| Other Academic | 1 | 20.00 | 100% | 0% | 100% |
| Philosophy | 1 | 0.00 | 0% | 0% | 0% |
| Religion | 4 | 10.00 | 75% | 25% | 0% |
| Science - Biology | 4 | 10.00 | 100% | 0% | 0% |
| Science - Chemistry | 2 | 15.00 | 100% | 50% | 0% |
| Science - Other | 1 | 10.00 | 100% | 0% | 0% |
| Science - Physics | 2 | 20.00 | 100% | 100% | 0% |
| Social Science | 4 | 5.00 | 50% | 0% | 0% |